000 01897nam a2200265Ia 4500
008 260220t2000||||xx |||||||||||||| ||spa||
020 _a968240262X
040 _aPY-SlUNAC
_bspa
_erda
041 _aspa
082 _a631.41
_bCh366m
100 _aChapman, Homer D.
_eAutor
245 0 _aMétodos de análisis para suelos, plantas y aguas /
_cpor Homer D. Chapman [Autor] y Parker F. Pratt [Autor]
264 _aCiudad de México :
_bTrillas,
_c℗2000.
300 _a1 volumen
520 _aEn "Métodos de análisis para suelos, plantas y aguas", Homer D. Chapman presenta un compendio exhaustivo de técnicas analíticas aplicadas a la evaluación de suelos, cultivos y recursos hídricos. El texto se estructura en secciones que abarcan desde la recolección de muestras hasta la interpretación de resultados, proporcionando una guía práctica para investigadores y profesionales en agronomía, ecología y ciencias ambientales. Se destacan métodos químicos, físicos y biológicos, así como la importancia de la calidad del agua y su impacto en la productividad agrícola. Chapman enfatiza la necesidad de un análisis riguroso para la gestión sostenible de recursos naturales, adaptándose a las variaciones en las condiciones ambientales. Con un enfoque en la aplicabilidad y precisión, el libro se convierte en una referencia esencial para quienes buscan optimizar el uso de insumos agrícolas y mejorar la salud del suelo, contribuyendo así a la seguridad alimentaria y la sostenibilidad ambiental. La obra es un recurso valioso en la formación académica y profesional en el ámbito agropecuario.
653 _aAgua
653 _aPlantas
653 _aSuelo
700 _aPratt, Parker F.
_eAutor
942 _b2026/02/17
_cBK
999 _c8618
_d8618